000 00638nam a2200181Ia 4500
999 _c2747
_d2747
003 DO-SdBJH
005 20180417031406.0
008 180414s9999 dr 000 0 spa d
040 _aDO-SdBJH
_bspa
_cDO-SdBJH
090 _aDM FM 355 2005
110 _aInstituto de Cooperación para la Seguridad Hemisférica
245 1 0 _aEl Ejército / Instituto de Cooperación para la Seguridad Hemisférica
260 _aFuerte Benning, Georgia : Cuartel General Secretaría del Ejército, 2005
300 _aiv, 66páginas en varias paginaciones
504 _aIncluye referencias
650 4 _aEjército -- Ciencia militar
942 _2ddc
_cBK